| 000 | 01061nam a2200265Ia 4500 | ||
|---|---|---|---|
| 003 | OSt | ||
| 005 | 20221005103232.0 | ||
| 006 | a|||||r|||| 00| 0 | ||
| 007 | ta | ||
| 008 | 221004b |||||||| |||| 00| 0 hin d | ||
| 024 | _a24328 | ||
| 037 | _cTextual | ||
| 040 |
_aCRL _cCRL _bhin |
||
| 041 |
_2hin _ahin |
||
| 082 | _aZ72qN52, 152K5 | ||
| 100 |
_aड्रिजेर, एल्मेर ए. _9164869 |
||
| 245 | 0 |
_aकनाडा ब्रिटिश अमेरीका अधिनियम _b 1867 - 1952 |
|
| 246 | _aKanāḍā briṭish amerīkā adhiniyama: 1867 - 1952 | ||
| 260 |
_aकाशी _bहिन्दी प्रकाशन समिति भारत _c1965 |
||
| 300 |
_a90पृ0 _ccm. |
||
| 650 | _aभारतीय कानून | ||
| 700 |
_a दुबे, श्रीप्रकाश, अनु. _9158572 |
||
| 942 |
_hZ72qN52, 152K5 _cTEXL _2cc |
||
| 999 |
_c1009654 _d1009654 |
||